书目信息 |
| 题名: |
四书章句集注今译
|
|
| 作者: | 朱熹 撰 | |
| 分册: | 上 | |
| 出版信息: | 北京 中华书局 2020.8 |
|
| 页数: | 470页 | |
| 开本: | 22cm | |
| 丛书名: | 中国古典名著译注丛书 | |
| 单 册: | ||
| 中图分类: | B222.12 | |
| 科图分类: | ||
| 主题词: | 儒家--ru jia , 四书--si shu--注释 , 四书--si shu--译文 | |
| 电子资源: | ||
| ISBN: | 978-7-101-14646-2 | |
| 000 | 01326oam2 2200277 450 | |
| 001 | 2131041471 | |
| 005 | 20211031084543.05 | |
| 010 | @a978-7-101-14646-2@dCNY39.50(全2册79.00) | |
| 100 | @a20200728d2020 em y0chiy0110 ea | |
| 101 | 0 | @achi |
| 102 | @aCN@b110000 | |
| 105 | @ay z 000yy | |
| 106 | @ar | |
| 200 | 1 | @a四书章句集注今译@Asi shu zhang ju ji zhu jin yi@h上@f(宋) 朱熹撰 |
| 210 | @a北京@c中华书局@d2020.8 | |
| 215 | @a470页@d22cm | |
| 225 | 2 | @a中国古典名著译注丛书@Azhong guo gu dian ming zhu yi zhu cong shu |
| 330 | @a《四书章句集注》是南宋著名思想家、哲学家朱熹最重要的代表作品,其主要内容是对儒家典籍《大学》《中庸》《论语》《孟子》所做的注释。该书自元末至清末,一直作为科举考试的标准教材,被历代学子视为求学入仕的必读书,在历史上曾产生了非常深远的影响。时至今日,其政治色彩虽然已经退去,但由于朱熹所注简明扼要,准确易懂,且多引用二程、张载等前贤时彦相关论述,故仍是研读“四书”的必读书。此次推出的《四书章句集注今译》,是对朱熹所做注释的白话翻译,并对朱注中一些不太容易理解的地方,在不增加阅读负担基础上,酌情予以注释。 | |
| 461 | 0 | @12001 @a中国古典名著译注丛书 |
| 606 | 0 | @a儒家@Aru jia |
| 606 | 0 | @a四书@Asi shu@x注释 |
| 606 | 0 | @a四书@Asi shu@x译文 |
| 690 | @aB222.12@v5 | |
| 701 | 0 | @c(宋)@a朱熹@Azhu xi@4撰 |
| 801 | 0 | @aCN@b百万庄@c20211029 |
| 905 | @b1312995-98@dB222.12@e1012:1@f4 | |
| 四书章句集注今译.上/(宋) 朱熹撰.-北京:中华书局,2020.8 |
| 470页;22cm.-(中国古典名著译注丛书) |
| ISBN 978-7-101-14646-2:CNY39.50(全2册79.00) |
| 《四书章句集注》是南宋著名思想家、哲学家朱熹最重要的代表作品,其主要内容是对儒家典籍《大学》《中庸》《论语》《孟子》所做的注释。该书自元末至清末,一直作为科举考试的标准教材,被历代学子视为求学入仕的必读书,在历史上曾产生了非常深远的影响。时至今日,其政治色彩虽然已经退去,但由于朱熹所注简明扼要,准确易懂,且多引用二程、张载等前贤时彦相关论述,故仍是研读“四书”的必读书。此次推出的《四书章句集注今译》,是对朱熹所做注释的白话翻译,并对朱注中一些不太容易理解的地方,在不增加阅读负担基础上,酌情予以注释。 |
| ● |
| 相关链接 |
|
|
|
|
正题名:四书章句集注今译
索取号:B222.12/1012:1
 
预约/预借
| 序号 | 登录号 | 条形码 | 馆藏地/架位号 | 状态 | 备注 |
| 1 | 1312995 | 213129951 | 第一样本阅览室/ [索取号:B222.12/1012:1] | 在馆 | |
| 2 | 1312996 | 213129960 | 第一借阅区/ [索取号:B222.12/1012:1] | 在馆 | |
| 3 | 1312997 | 213129979 | 第一借阅区/ [索取号:B222.12/1012:1] | 在馆 | |
| 4 | 1312998 | 213129988 | 第一借阅区/ [索取号:B222.12/1012:1] | 在馆 |